LEADER 01289nam a2200289 u 4500 001 000000022852 003 CaOOAMICUS 005 20070226111154.0 008 950331s1977 it u000 u ita u 035 $a10575103 040 $aPUL(R)$bita$dPUL(R) 041 1 $aita$hger 100 1 $aHegel, Georg Wilhelm Friedrich,$d1770-1831.$0(OLS)http://pul/name/6237 240 10$aTheologische Jugendschriften.$lItaliano.$0(OLS)http://pul/title/31810 245 10$aScritti teologici giovanili /$cHegel. 260 $aNapoli :$bGuida,$c1977. 300 $a2 v. (xvi+554 p.) ;$c18 cm 490 1 $aI Tascabili (Guida editori) ;$v1-2 830 2$aI Tascabili (Guida editori) ;$v1-2.$0(OLS)http://pul/title/31812 850 $aPUL 852 $aPUL$W1$xSL Filosofia 2$y80$mPhil D4 45e.1-2$j32039$nBK-PRI$b $qStampati altre collocazioni$B32039$CPULBib$Z2$F32039 $H $81 852 $aPUL$W1$xSL Filosofia 2$y80$mPhil D4 45e.1-2$j32039$nBK-PRI$b $qStampati altre collocazioni$B32040$CPULBib$Z2$F32040 $H $81 941 1 $a10 961 $aINV: 44987-44988 961 $aINV: 44987-44988 996 $6245$aScritti teologici giovanili$9(OLS)http://pul/title/31811 996 $6260$aNapoli :$bGuida$9(OLS)http://pul/publisher/50764 LEADER 01156nam a2200253 u 4500 001 000000059306 003 CaOOAMICUS 005 20070226120803.0 008 010626s1965 be u000 u fre u 035 $a10894167 040 $aPUL(R)$bita 100 1 $aRose, A.$0(OLS)http://pul/name/40951 245 10$aPsaumes et prière chretienne :$bessai sur la lecture de quelques psaumes dans la tradition chrétienne /$cpar A. Rose. 260 $aBruges :$bSant'André,$c1965. 300 $a297 p. ;$c21 cm 490 1 $aParoisse et liturgie ;$v66 500 $aPréface de Monseigneur L. Cerfaux. 630 04$aBiblia.$pV.T.$pPsalmi$xCommenti.$0(OLS)http://pul/subject/1498 830 0$aParoisse et liturgie ;$v66.$0(OLS)http://pul/title/79022 850 $aPUL 852 $aPUL$W1$xDP1 Altre Collocazioni$y17$mSenza collocazione$j12$nBK-PRI$b $qStampati$B77343$CPULBib$Z2$F77343 $H $81 941 1 $a8 996 $6245$aPsaumes et prière chretienne :$bessai sur la lecture de quelques psaumes dans la tradition chrétienne$9(OLS)http://pul/title/79414 996 $6260$aBruges :$bSant'André$9(OLS)http://pul/publisher/69776